000 00663nam a22002537a 4500
003 UA-OsUOA
001 24542
007 ta
008 20040220b un ||||| |||| 00| 0 ukr d
100 _aГонсалес-Фернандес А.
090 _a811.134.2
_bГ65
942 _cBK
040 _aUA-OsUOA
_brus
_cUA-OsUOA
_dUA-OsUOA
245 _aСамоучитель испанского языка
_bУчебное пособие
300 _a318 с.
955 _a0
041 _arus
080 _a811.134.2
020 _a5-06-003602-2
260 _aМосква
_bВысшая Школа
_c2002
044 _aRU
650 7 _2UDC
999 _c310819
_d310819